000 00310nam a2200145Ia 4500
100 _aLewis/Ralph
942 _cBK
654 _ateam building
245 _aTeam building skills:Trainers guide
260 _bKogan Page
_c1996
082 _a658.3128
_bLEW
300 _a120
546 _aENGLISH
999 _c23300
_d23300